Diccionario para profesionales de la traducción. Terminología básica que todo traductor debe aprender.

Uloženo v:
Podrobná bibliografie
Hlavní autor: Luna García, Rosa (autora)
Další autoři: Monteagudo Medina, Mary Ann (autora)
Médium: Neznámo
Jazyk:angličtina
Vydáno: Lima, Perú: Universidad Peruana de Ciencias Aplicadas (UPC), 2017.
Vydání:1a. ed.
Témata:
Tagy: Přidat tag
Žádné tagy, Buďte první, kdo vytvoří štítek k tomuto záznamu!

MARC

LEADER 00000 a2200000 4500
003 CL-VaPUC
005 20230424103840.0
008 230403t2017 ||||| |||| 00| 0 eng d
999 |c 439480  |d 439478 
020 |a 978-612-318-097-3 
040 |c Pontificia Universidad Católica de Valparaíso 
082 |2 22  |a 418.02 LUN 2017 
100 |a Luna García, Rosa   |9 881146  |e autora 
245 |a Diccionario para profesionales de la traducción.   |b Terminología básica que todo traductor debe aprender.  
250 |a 1a. ed.  
260 |a Lima, Perú:   |b Universidad Peruana de Ciencias Aplicadas (UPC),  |c 2017. 
300 |a 294 páginas.  
583 |k GC  |c 20230403 
650 0 |9 357262  |a Traductores  |v Diccionario español   |x Terminología   |x Ámbito laboral  
650 0 |9 315998  |a Traducción e interpretación  |v Diccionario español   |x Términos básicos   |x Aspectos laborales  
700 |9 881147  |a Monteagudo Medina, Mary Ann   |e autora 
942 |2 ddc  |c BK 
952 |0 0  |1 0  |2 ddc  |4 0  |6 418_020000000000000_LUN_2017  |7 0  |8 A  |9 589393  |a BIBEDU  |b BIBEDU  |c GEN  |d 2023-03-31  |e 3  |g 23025.00  |i 5656939  |o 418.02 LUN 2017  |p 5656939  |r 2023-03-31  |t 1  |v 23025.00  |w 2023-03-31  |y BK  |k LIT